000 00562nam a22002057a 4500
003 OSt
005 20220107122731.0
008 140222b xxu||||| |||| 00| 0 eng d
020 _a9789380501444
040 _cIIITM-K
082 _a005.18 GAN/E
245 _aEmbedded systems:
_bWorld class designs
_cedited by Jack Ganssle
260 _aNew Delhi,
_bElsevier,
_c2008.
300 _axvii, 563p.
650 _aCOMPUTER SCIENCE
_93199
650 _aSYSTEM SCIENCE
_93200
650 _aEMBEDDED SYSTEMS
_93201
700 _aGanssle, Jack
_93202
942 _2ddc
_cBK
999 _c3594
_d3594